000 00940nam a2200265 a 4500
008 070528s2007||||xo g 001 1 slo d
020 _a9788055114279
_q(viaz.)
_c499
040 _aSNK
_bslo
_cSNK
_eAACR2
041 1 _aslo
_heng
044 _axo
_cSK
072 7 _a061.2
_xNevládne organizácie a kooperácia
_2konspekt
080 _a061.25
_22001
080 _a21/29-79
_22001
080 _a(0:82-96)
_22001
240 1 0 _aInside secret societies
_lSlovensky
245 1 0 _aTajné spoločnosti
_cMichael Benson ; [z anglického originálu preložila Zuzana Dudášová]
250 _a[1.] slov. vyd.
260 _aBratislava
_c2007
_bFortuna Libri
300 _a272 s.
_c21 cm
504 _aBibliogr. s. 259-265. Inter. stránky. Men. reg. Pozn.
650 0 7 _atajné spoločnosti
_xdejiny
_2SNKPH
650 0 7 _akulty
_xdejiny
_2SNKPH
700 1 _aDudášová, Zuzana
_4trl
765 0 _tInside secret societies. Slovensky
_aBenson, Michael
999 _c10670
_d10670